Alla Ricerca Delle Coccole Perdute

Gardado en:
Detalles Bibliográficos
Autor Principal: Giulio Cesare Iacobbe
Formato: Libro
Idioma:lingua descoñecida ou non válida
Publicado: Ponte Alle Grazie
Tags: Engadir etiqueta
Sen Etiquetas, Sexa o primeiro en etiquetar este rexistro!

MARC

LEADER 00000nam a2200000Ia 4500
001 R-1758
003 CODICE-MESSINA
005 20260212102513.0
008 260211s9999 xx 000 0 und d
040 |c importazione_messina 
100 |a Giulio Cesare Iacobbe 
245 0 |a Alla Ricerca Delle Coccole Perdute 
260 |b Ponte Alle Grazie 
942 |2 ddc  |c BK 
952 |0 0  |1 0  |2 ddc  |4 0  |6 SCAFFALE_18_000000000000000__STANZA_2__MITOLOGGIA  |7 0  |9 32599  |a ME  |b ME  |d 2026-02-11  |l 0  |o SCAFFALE 18 - STANZA 2 - MITOLOGGIA  |p R-1758  |r 2026-02-11 23:53:17  |w 2026-02-11  |x [REVISIONARE]  |y BK 
999 |c 28266  |d 28266